00323nam a2200121Ia 4500003000400000005001700004008004100021020001500062040002100077100002500098245003200123260004600155OSt20240109110903.0170524s9999 xx 000 0 und d a8123000049 cIIMT UNIVERSITY  aAGARWAL- GOPAL CHAND 0aCHATTISHGARH KI LOK KHATAYE bN DELHI: SUCHANA AVAM PRASHARAN MANTRALYA